[Event "World Blitz Women 2022"]
[Site "Almaty KAZ"]
[Date "2022.12.30"]
[Round "14.34"]
[White "Hajiyeva, Laman"]
[Black "Lu, Miaoyi"]
[Result "1-0"]
[WhiteTitle "WFM"]
[WhiteElo "2135"]
[BlackElo "2399"]
[WhiteFideId "13415875"]
[BlackFideId "8618020"]
[EventDate "2022.12.29"]

1. e4 c5 2. c3 Nf6 3. e5 Nd5 4. Nf3 Nc6 5. d4 cxd4 6. cxd4 d6 7. Bc4 Nb6 8. Bb3
dxe5 9. d5 Na5 10. Nc3 Bg4 11. Be3 Nxb3 12. Qxb3 Bxf3 13. gxf3 g6 14. Bxb6 axb6
15. Qb5+ Qd7 16. Qxb6 Bg7 17. O-O O-O 18. Rfd1 Ra6 19. Qe3 Qh3 20. Ne4 Bh6 21.
Qe2 f5 22. Ng3 f4 23. Qf1 Qh4 24. Ne4 Rf5 25. d6 Rh5 26. Qc4+ Kg7 27. d7 Qxh2+
28. Kf1 Rb6 29. d8=Q Qh3+ 30. Ke2 Rxb2+ 31. Rd2 Rxd2+ 32. Nxd2 Bg5 1-0

[Event "World Blitz Women 2022"]
[Site "Almaty KAZ"]
[Date "2022.12.30"]
[Round "14.35"]
[White "Mkrtchyan, Mariam"]
[Black "Machlik, Monika"]
[Result "1-0"]
[WhiteTitle "WIM"]
[WhiteElo "2364"]
[BlackElo "2114"]
[WhiteFideId "13310828"]
[BlackFideId "1513621"]
[EventDate "2022.12.29"]

1. d4 Nf6 2. c4 e6 3. Nf3 Bb4+ 4. Nbd2 d6 5. e3 O-O 6. Be2 c5 7. O-O Ba5 8. b3
Nc6 9. Bb2 Qe7 10. a3 Bc7 11. Qc2 e5 12. d5 Nb8 13. b4 b6 14. e4 Bg4 15. Rfe1
Nbd7 16. Nh4 Bxe2 17. Nf5 Qd8 18. Rxe2 g6 19. Ne3 Nh5 20. g3 Qe7 21. Rf1 Rae8
22. Qd3 Ndf6 23. f3 Bd8 24. Ng2 Qd7 25. g4 Ng7 26. h4 Qe7 27. Ne3 Nd7 28. Rh2 f5
29. gxf5 gxf5 30. exf5 Nh5 31. Kf2 Kh8 32. Rg1 Rg8 33. Qe4 Rxg1 34. Kxg1 Rg8+
35. Kf2 Ndf6 36. Qb1 Nf4 37. Ne4 Nxe4+ 38. Qxe4 Qf6 39. Qxf4 exf4 40. Bxf6+ Bxf6
41. Ng4 Bb2 42. b5 Bxa3 43. Kf1 Bb4 44. Ra2 Ba5 45. f6 Rf8 46. h5 Kg8 47. Re2
Bc3 48. Nh6+ Kh8 49. f7 Bg7 50. Nf5 Rxf7 51. Nxd6 Rf8 52. Re8 Rxe8 53. Nxe8 Bf8
54. Nc7 Bg7 55. Ne6 Be5 56. Kg2 Kg8 57. Kh3 Kf7 58. Kg4 Kf6 59. Nd8 Ke7 60. Nc6+
Kd6 61. Nxa7 Kc7 62. Nc6 Kd6 63. Nxe5 Kxe5 64. h6 Kd4 65. d6 1-0

[Event "World Blitz Women 2022"]
[Site "Almaty KAZ"]
[Date "2022.12.30"]
[Round "14.36"]
[White "Kaldarova, Ayaulym"]
[Black "Gvetadze, Sofio"]
[Result "0-1"]
[BlackTitle "IM"]
[WhiteElo "1832"]
[BlackElo "2298"]
[WhiteFideId "13720503"]
[BlackFideId "13601440"]
[EventDate "2022.12.29"]

1. Nf3 Nf6 2. c4 g6 3. Nc3 Bg7 4. g3 O-O 5. Bg2 d6 6. O-O Nbd7 7. d3 e5 8. Rb1
c6 9. e4 a5 10. h3 Qe7 11. Be3 h6 12. b3 Nc5 13. a3 Nh7 14. b4 axb4 15. axb4 Ne6
16. d4 exd4 17. Nxd4 Nhg5 18. Kh2 Nxd4 19. Bxd4 Bxd4 20. Qxd4 Bxh3 21. f4 Bxg2
22. Kxg2 Ne6 23. Qd3 Ng7 24. b5 h5 25. f5 Qe5 26. Rf2 Ra3 27. Rc1 cxb5 28. fxg6
fxg6 29. Rxf8+ Kxf8 30. cxb5 Ne6 31. Qf1+ Kg7 32. Qe1 Rb3 33. Qd2 Ng5 34. Qd5
Rb2+ 35. Kg1 Qxg3+ 36. Kf1 Qf2# 0-1

[Event "World Blitz Women 2022"]
[Site "Almaty KAZ"]
[Date "2022.12.30"]
[Round "14.37"]
[White "Yao, Lan"]
[Black "Serikbay, Assel"]
[Result "0-1"]
[WhiteTitle "WIM"]
[BlackTitle "WIM"]
[WhiteElo "2271"]
[BlackElo "2230"]
[WhiteFideId "8610835"]
[BlackFideId "13706799"]
[EventDate "2022.12.29"]

1. e4 c5 2. Nf3 e6 3. d4 cxd4 4. Nxd4 a6 5. c4 Nf6 6. Nc3 d6 7. a3 g6 8. Be2 Bg7
9. Be3 O-O 10. f3 Nbd7 11. O-O d5 12. cxd5 exd5 13. exd5 Nb6 14. Qd2 Nbxd5 15.
Nxd5 Nxd5 16. Bf2 Qf6 17. Rfd1 Bd7 18. Bc4 Nf4 19. Be3 Ne6 20. Bd5 Rad8 21. Qf2
Nf4 22. Bxb7 Ba4 23. b3 Bb5 24. Nxb5 axb5 25. Rab1 Nd3 26. Qf1 Qc3 27. Be4 Nb2
28. Rxd8 Qxe3+ 29. Qf2 Qxf2+ 30. Kxf2 Rxd8 31. Ke2 f5 32. Bc6 Bc3 33. Bxb5 Rd2+
34. Ke3 Nd1+ 35. Kf4 Kf7 36. b4 Kf6 37. h4 Be5# 0-1

[Event "World Blitz Women 2022"]
[Site "Almaty KAZ"]
[Date "2022.12.30"]
[Round "14.38"]
[White "Gaboyan, Susanna"]
[Black "Mikheeva, Galina"]
[Result "1-0"]
[WhiteTitle "WIM"]
[BlackTitle "WFM"]
[WhiteElo "2200"]
[BlackElo "1969"]
[WhiteFideId "13303627"]
[BlackFideId "44108320"]
[EventDate "2022.12.29"]

1. e4 e5 2. Nf3 Nc6 3. Nc3 Nf6 4. Bb5 Bb4 5. O-O O-O 6. d3 Bxc3 7. bxc3 d6 8. h3
h6 9. Re1 Ne7 10. d4 Ng6 11. Ba3 Bd7 12. Bf1 Re8 13. Rb1 Rb8 14. dxe5 dxe5 15.
Nd2 Bc6 16. f3 Qd7 17. Nc4 b6 18. Ne3 Rbd8 19. c4 Qc8 20. Qe2 Nf4 21. Qf2 Bb7
22. Nd5 N4xd5 23. cxd5 c6 24. c4 cxd5 25. cxd5 Qc3 26. Rb3 Qc7 27. Rc1 Qd7 28.
Bb5 Qc8 29. Rxc8 Rxc8 30. Bxe8 Rxe8 31. Rc3 Nd7 32. Rc7 1-0

[Event "World Blitz Women 2022"]
[Site "Almaty KAZ"]
[Date "2022.12.30"]
[Round "14.39"]
[White "Foudzi, Siti Zulaikha"]
[Black "Bayasgalan, Khishigbaatar"]
[Result "1-0"]
[WhiteTitle "WIM"]
[BlackTitle "WCM"]
[WhiteElo "2136"]
[BlackElo "1811"]
[WhiteFideId "5700965"]
[BlackFideId "4904311"]
[EventDate "2022.12.29"]

1. e4 c5 2. Nf3 e6 3. d4 cxd4 4. Nxd4 a6 5. c4 Nf6 6. Nc3 Qc7 7. f3 Be7 8. Be3
d6 9. Be2 Nbd7 10. O-O b6 11. b4 Bb7 12. Qd2 h5 13. a4 h4 14. Rfc1 Ne5 15. a5
bxa5 16. b5 h3 17. g3 axb5 18. cxb5 Qd8 19. b6 O-O 20. Ndb5 Nfd7 21. Nc7 Rb8 22.
f4 Ng6 23. Rxa5 Bc6 24. N3d5 Bxd5 25. exd5 Nxb6 26. dxe6 Na8 27. exf7+ Kh7 28.
Rxa8 Rxa8 29. Nxa8 Qxa8 30. Bc4 Qf3 31. Qf2 Qg4 32. Rf1 Nh4 33. Bd5 1-0

[Event "World Blitz Women 2022"]
[Site "Almaty KAZ"]
[Date "2022.12.30"]
[Round "14.40"]
[White "Assylkhan, Asiya"]
[Black "Nurgaliyeva, Zarina"]
[Result "0-1"]
[BlackTitle "WFM"]
[WhiteElo "1430"]
[BlackElo "2013"]
[WhiteFideId "13752707"]
[BlackFideId "13730096"]
[EventDate "2022.12.29"]

1. d4 Nf6 2. c4 e6 3. g3 d5 4. Bg2 dxc4 5. Nf3 Nc6 6. e3 Rb8 7. a4 a6 8. Nfd2
Na5 9. Qc2 Bb4 10. O-O b5 11. Nc3 O-O 12. Rd1 Qe7 13. Nce4 Bb7 14. Nxf6+ Qxf6
15. Bxb7 Nxb7 16. axb5 axb5 17. Nf1 Nd6 18. Bd2 Bxd2 19. Nxd2 Rfc8 20. Ra5 h5
21. h4 c5 22. dxc5 Rxc5 23. Nb3 Rd5 24. Nd4 Nf5 25. Nxf5 Rxd1+ 26. Qxd1 exf5 27.
b3 c3 28. Ra1 b4 29. Rc1 g6 30. Qc2 Rd8 31. Rd1 Rd6 32. Kg2 Qd8 33. Ra1 Rd2 34.
Qb1 Qd5+ 35. Kg1 Rb2 36. Qc1 Qxb3 37. e4 c2 38. Ra8+ Kg7 39. Qf4 Qe6 40. Qb8
c1=Q+ 41. Kg2 Qxe4+ 0-1

[Event "World Blitz Women 2022"]
[Site "Almaty KAZ"]
[Date "2022.12.30"]
[Round "14.41"]
[White "Kirchei, Viktoriia"]
[Black "Nasybullina, Alfia"]
[Result "1-0"]
[WhiteTitle "WFM"]
[BlackTitle "WIM"]
[WhiteElo "2070"]
[BlackElo "2027"]
[WhiteFideId "34133396"]
[BlackFideId "4132416"]
[EventDate "2022.12.29"]

1. e4 e6 2. d4 d5 3. Nd2 c5 4. exd5 Qxd5 5. dxc5 Bxc5 6. Ngf3 Nf6 7. Bc4 Qh5 8.
Qe2 Nc6 9. Nb3 Bb6 10. O-O O-O 11. Bf4 Re8 12. Rad1 Qg4 13. Be3 Bc7 14. Bb5 e5
15. Qc4 e4 16. Nfd4 Nxd4 17. Bxd4 Bxh2+ 18. Kxh2 Qh4+ 19. Kg1 Ng4 20. Rfe1 Be6
21. Qc3 Qh2+ 22. Kf1 Rec8 23. Qd2 e3 24. Bxe3 Qh1+ 25. Ke2 Qxg2 26. Nd4 Bd5 27.
Bd7 Rd8 28. Bxg4 Qxg4+ 29. Kd3 Be4+ 30. Kc3 Rac8+ 31. Kb3 Bd5+ 32. Ka3 Rd6 33.
b3 Qg6 34. Kb2 Be4 35. c3 Rdd8 36. Qe2 a6 37. Nf3 Re8 38. Nd4 b5 39. Rg1 Qf6 40.
Qg4 b4 41. Rc1 bxc3+ 42. Ka1 Bd3 43. Nc2 g6 44. Bd4 Qe6 45. Qxe6 Rxe6 46. Ne3
Rec6 47. Rgd1 Be4 48. Nc4 h5 49. Rxc3 Bd5 50. Rdc1 Be6 51. Ne5 Rxc3 52. Rxc3 Rd8
53. Be3 Rd1+ 54. Kb2 h4 55. Rd3 Rg1 56. Nf3 Rh1 57. Rd4 h3 58. Rh4 Rd1 59. Bd4
f6 60. Bxf6 Kf7 61. Bc3 Bf5 62. Ng5+ Ke7 63. Rh7+ Kd6 64. Nxh3 Rh1 65. Ng5 Rd1
66. Rh8 Kc5 67. Rb8 Kc6 68. Nf7 Rf1 69. Ne5+ Kd5 70. f3 Rf2+ 71. Ka3 Rc2 72. Bb2
Rf2 73. Rd8+ Ke6 74. Re8+ Kd5 75. Ra8 Bb1 76. Rxa6 Kc5 77. Nxg6 Rxf3 78. Ne5 Rf8
79. Rc6+ Kd5 80. Bc3 Re8 81. Ra6 Rg8 82. Ra5+ Ke4 83. Nc4 Rg2 84. Bb2 Kd3 85.
Kb4 Kc2 86. Rc5 Kd3 87. a4 Ke4 88. a5 Bd3 89. Bc3 Rg8 90. a6 Rb8+ 91. Rb5 Ra8
92. Ka5 Rc8 93. a7 Ra8 94. Rb7 Kd5 95. Nb6+ Kc6 96. Rg7 1-0

[Event "World Blitz Women 2022"]
[Site "Almaty KAZ"]
[Date "2022.12.30"]
[Round "14.42"]
[White "Kim, Kristina"]
[Black "Tereladze, Sopio"]
[Result "0-1"]
[WhiteTitle "WCM"]
[BlackTitle "WIM"]
[WhiteElo "1930"]
[BlackElo "2215"]
[WhiteFideId "13712438"]
[BlackFideId "13600486"]
[EventDate "2022.12.29"]

1. d4 Nf6 2. Bf4 e6 3. e3 b6 4. Nf3 Bb7 5. c3 c5 6. Nbd2 Be7 7. Bd3 d5 8. Qe2
O-O 9. Bg3 Ne4 10. Rd1 Nd7 11. Ne5 Nxe5 12. dxe5 Nxd2 13. Rxd2 Re8 14. O-O Bf8
15. Bb5 a6 16. Bxe8 Qxe8 17. Rfd1 a5 18. h4 a4 19. h5 h6 20. Bh4 Ba6 21. Qg4 Bc4
22. a3 Bb3 23. Re1 b5 24. e4 Rb8 25. exd5 Bxd5 26. Red1 Qc6 27. f3 Kh8 28. Bf2
Qc7 29. Qf4 Rd8 30. Be3 Kg8 31. g4 Be7 32. Qg3 b4 33. g5 hxg5 34. Bxg5 bxa3 35.
bxa3 c4 36. Bxe7 Qxe7 37. Rg2 Qf8 38. Rb1 Kh7 39. Kh2 Ba8 40. Qf4 Rd5 41. Qe4+
Kh8 42. Qf4 Rd3 43. Rbg1 0-1

[Event "World Blitz Women 2022"]
[Site "Almaty KAZ"]
[Date "2022.12.30"]
[Round "14.43"]
[White "Shukhman, Anna"]
[Black "Samaganova, Aleksandra"]
[Result "1-0"]
[WhiteTitle "WFM"]
[BlackTitle "WFM"]
[WhiteElo "2161"]
[BlackElo "1884"]
[WhiteFideId "54180058"]
[BlackFideId "13800221"]
[EventDate "2022.12.29"]

1. e4 c5 2. Nf3 e6 3. d4 cxd4 4. Nxd4 a6 5. Bd3 Qc7 6. O-O Nf6 7. Qe2 d6 8. c4
b6 9. Nc3 Bb7 10. f4 Nbd7 11. Bd2 Rc8 12. b3 Be7 13. Rae1 O-O 14. Kh1 g6 15. e5
Nh5 16. Be4 Nc5 17. Bxb7 Qxb7 18. b4 Nd7 19. exd6 Bxd6 20. Ne4 Be7 21. Bc3 Qc7
22. f5 exf5 23. Nxf5 Rfe8 24. Nh6+ 1-0

[Event "World Blitz Women 2022"]
[Site "Almaty KAZ"]
[Date "2022.12.30"]
[Round "14.45"]
[White "Sultanbek, Zeinep"]
[Black "Balakanova, Bakhyt"]
[Result "1-0"]
[WhiteTitle "WIM"]
[BlackTitle "WFM"]
[WhiteElo "1891"]
[BlackElo "2005"]
[WhiteFideId "13710419"]
[BlackFideId "13705881"]
[EventDate "2022.12.29"]

1. Nf3 d6 2. g3 g6 3. Bg2 Bg7 4. O-O e5 5. c4 Ne7 6. Nc3 O-O 7. d4 Nd7 8. e4 h6
9. Be3 c6 10. Qd2 Kh7 11. Rad1 Qc7 12. h3 f5 13. dxe5 dxe5 14. exf5 Nxf5 15. Nh2
Nxe3 16. Qxe3 Nb6 17. b3 Be6 18. Ne4 Rae8 19. Nc5 Bc8 20. Ng4 h5 21. Nh2 Bh6 22.
Qe2 Bf5 23. Ne4 Qc8 24. Nf3 Bxh3 25. Bxh3 Qxh3 26. Nfg5+ 1-0

[Event "World Blitz Women 2022"]
[Site "Almaty KAZ"]
[Date "2022.12.30"]
[Round "14.46"]
[White "Mikhaylova, Irina"]
[Black "Madi, Aidana"]
[Result "1-0"]
[WhiteTitle "WGM"]
[WhiteElo "2257"]
[BlackElo "1583"]
[WhiteFideId "4109040"]
[BlackFideId "13722689"]
[EventDate "2022.12.29"]

1. Nf3 d5 2. c4 e6 3. g3 c5 4. Bg2 Nc6 5. O-O Nf6 6. cxd5 exd5 7. d4 cxd4 8.
Nxd4 Bc5 9. Nb3 Bb6 10. Bg5 d4 11. N1d2 h6 12. Bxf6 Qxf6 13. Nc4 O-O 14. Rc1 Rd8
15. Qd3 Bf5 16. Be4 Bh3 17. Rfd1 Nb4 18. Qf3 Qxf3 19. Bxf3 d3 20. exd3 Nxd3 21.
Rc2 Rac8 22. Bxb7 Bxf2+ 23. Rxf2 Rxc4 24. Rfd2 Rb4 25. Ba6 Rd6 26. Bxd3 g6 27.
Bf1 Rxd2 28. Rxd2 Be6 29. Rd3 Re4 30. Kf2 Re5 31. Rc3 Rd5 32. Bg2 Rd1 33. Bf3
Rb1 34. Rc2 Bf5 35. Rd2 Rh1 36. Bxh1 a6 37. Re2 Kg7 38. Be4 Be6 39. Rd2 Bc4 40.
Rd7 Kf6 41. Ra7 Bb5 42. Bb7 Ke7 43. Bxa6+ Kd6 44. Bxb5 Kd5 1-0

[Event "World Blitz Women 2022"]
[Site "Almaty KAZ"]
[Date "2022.12.30"]
[Round "14.47"]
[White "Balakanova, Gulnar"]
[Black "Chen, Jocelyn"]
[Result "1-0"]
[WhiteTitle "WFM"]
[BlackTitle "WCM"]
[WhiteElo "1743"]
[BlackElo "1854"]
[WhiteFideId "13705890"]
[BlackFideId "30947154"]
[EventDate "2022.12.29"]

1. e4 c5 2. Nc3 d6 3. Nge2 g6 4. g3 Bg7 5. Bg2 Nc6 6. O-O e6 7. d3 Nge7 8. h3
O-O 9. f4 f5 10. Be3 Bd7 11. e5 dxe5 12. Bxc5 Rf7 13. fxe5 Bxe5 14. Nf4 Rb8 15.
Qe2 Bxf4 16. Rxf4 e5 17. Rff1 b6 18. Bxe7 Qxe7 19. Bd5 Qc5+ 20. Kh2 Rf8 21. Qf2
Nd4 22. Bxf7+ Rxf7 23. Rae1 Bc6 24. Qe3 Re7 25. Rf2 Qb4 26. Nd1 Nf3+ 27. Rxf3
Bxf3 28. c3 f4 29. Qxf3 Qc5 30. gxf4 exf4 31. Rxe7 Qxe7 32. Qxf4 Qe2+ 33. Nf2
Qxb2 34. Qc4+ Kg7 35. Kg3 Qd2 36. Qd4+ Kg8 37. Ne4 Qe1+ 38. Kf4 Qh4+ 39. Ke5
Qe7+ 40. Kd5 Qd7+ 41. Kc4 Qa4+ 42. Kd5 Qb5+ 43. Ke6 Qe8+ 44. Kf6 Qf7+ 45. Ke5
Qf5+ 46. Kd6 Qf8+ 47. Kc6 Qc8+ 48. Kb5 Qe8+ 49. Kb4 a5+ 50. Kb3 Qf7+ 51. Qc4 a4+
52. Kb4 Qxc4+ 53. Kxc4 h5 54. h4 Kf7 55. Kb5 Ke6 56. Kxb6 Kf5 57. c4 Kg4 58. c5
Kxh4 59. c6 g5 60. c7 g4 61. c8=Q g3 62. Qd8+ Kh3 63. Qd7+ Kh2 64. Qf5 g2 65.
Qxh5+ Kg1 66. Qg4 a3 67. Qg3 Kf1 68. Qf2# 1-0

[Event "World Blitz Women 2022"]
[Site "Almaty KAZ"]
[Date "2022.12.30"]
[Round "14.48"]
[White "Martins de Aguiar, Marina"]
[Black "Bauyrzhan, Arnash"]
[Result "0-1"]
[WhiteElo "1877"]
[BlackElo "2041"]
[WhiteFideId "2143321"]
[BlackFideId "13706322"]
[EventDate "2022.12.29"]

1. e4 c5 2. d4 cxd4 3. c3 dxc3 4. Nxc3 e6 5. Nf3 d6 6. Bc4 Nf6 7. Bf4 e5 8. Bg5
Be7 9. Bxf6 Bxf6 10. O-O O-O 11. Nd5 Nc6 12. h3 Be7 13. Rc1 Be6 14. Qe2 Rc8 15.
Rfd1 Bxd5 16. Bxd5 Qb6 17. Qd2 h6 18. Qe2 a6 19. Qd2 Nb4 20. Bb3 Nc6 21. Bd5 Qd8
22. a3 Qd7 23. Qe2 Bf6 24. Qd2 Rfd8 25. Qe2 Qe7 26. Qd2 Bg5 27. Nxg5 Qxg5 28.
Qd3 Qe7 29. b4 Nd4 30. Qe3 Ne6 31. Rb1 Nf4 32. Bb3 Rc7 33. Re1 Qg5 34. g3 0-1

[Event "World Blitz Women 2022"]
[Site "Almaty KAZ"]
[Date "2022.12.30"]
[Round "15.1"]
[White "Arabidze, Meri"]
[Black "Shuvalova, Polina"]
[Result "1/2-1/2"]
[WhiteTitle "IM"]
[BlackTitle "IM"]
[WhiteElo "2427"]
[BlackElo "2502"]
[WhiteFideId "13604040"]
[BlackFideId "24171760"]
[EventDate "2022.12.29"]

1. d4 Nf6 2. c4 e6 3. Nf3 d5 4. Nc3 Nbd7 5. Bf4 dxc4 6. e3 b5 7. Nxb5 Bb4+ 8.
Nc3 Nd5 9. a3 Nxc3 10. Qd2 Nd5 11. axb4 Nxf4 12. exf4 Nb6 13. Be2 Bb7 14. O-O
O-O 15. Ne5 Bd5 16. Rfc1 Qf6 17. Ra5 Rfd8 18. Rc5 c6 19. Rd1 Na4 20. Ra5 Nb6 21.
Rc5 Na4 22. Ra5 Nb6 23. Rc5 1/2-1/2

[Event "World Blitz Women 2022"]
[Site "Almaty KAZ"]
[Date "2022.12.30"]
[Round "15.2"]
[White "Khademalsharieh, Sarasadat"]
[Black "Tan, Zhongyi"]
[Result "0-1"]
[WhiteTitle "IM"]
[BlackTitle "GM"]
[WhiteElo "2490"]
[BlackElo "2518"]
[WhiteFideId "12512214"]
[BlackFideId "8603642"]
[EventDate "2022.12.29"]

1. d4 Nf6 2. c4 e6 3. Nc3 d5 4. cxd5 exd5 5. Bg5 c6 6. e3 Bf5 7. Qf3 Bg6 8. Bxf6
Qxf6 9. Qxf6 gxf6 10. h4 h5 11. Nh3 Nd7 12. Nf4 Bd6 13. g3 a5 14. Be2 a4 15. a3
b5 16. Rc1 Nb6 17. Nd3 Nc4 18. Nd1 Ke7 19. Nb4 Rhc8 20. g4 Bxb4+ 21. axb4 Rh8
22. gxh5 Bxh5 23. Bxc4 bxc4 24. Nc3 Rhb8 25. b5 Kd6 26. e4 Bf3 27. Rh3 dxe4 28.
bxc6 Rxb2 29. h5 Rg8 30. Rg3 Rxg3 31. fxg3 Rh2 32. Nxa4 e3 0-1

[Event "World Blitz Women 2022"]
[Site "Almaty KAZ"]
[Date "2022.12.30"]
[Round "15.3"]
[White "Kosteniuk, Alexandra"]
[Black "Assaubayeva, Bibisara"]
[Result "0-1"]
[WhiteTitle "GM"]
[BlackTitle "IM"]
[WhiteElo "2520"]
[BlackElo "2440"]
[WhiteFideId "4128125"]
[BlackFideId "13708694"]
[EventDate "2022.12.29"]

1. e4 c5 2. c3 d5 3. exd5 Qxd5 4. d4 g6 5. Nf3 Bg7 6. Nbd2 cxd4 7. Bc4 Qa5 8.
Nxd4 Nf6 9. O-O O-O 10. N2f3 Qc7 11. Qb3 a6 12. Re1 e6 13. a4 Re8 14. Ne5 Nc6
15. Ndxc6 bxc6 16. Nf3 c5 17. Qc2 Bb7 18. Qe2 Nd5 19. Ne5 Nb6 20. Bb3 Bd5 21.
Bc2 Bxe5 22. Qxe5 Qxe5 23. Rxe5 Nc4 24. Re1 Rab8 25. b3 Na5 26. c4 Bc6 27. Re3
Red8 28. Ba3 Rd2 29. Bd1 Rbd8 30. Re1 Nb7 31. Be2 f6 32. h4 e5 33. Rad1 Kf7 34.
Bc1 Rxe2 0-1

[Event "World Blitz Women 2022"]
[Site "Almaty KAZ"]
[Date "2022.12.30"]
[Round "15.4"]
[White "Stefanova, Antoaneta"]
[Black "Lagno, Kateryna"]
[Result "1-0"]
[WhiteTitle "GM"]
[BlackTitle "GM"]
[WhiteElo "2442"]
[BlackElo "2563"]
[WhiteFideId "2902257"]
[BlackFideId "14109336"]
[EventDate "2022.12.29"]

1. d4 Nf6 2. Nf3 g6 3. g3 Bg7 4. Bg2 d5 5. O-O O-O 6. Be3 a5 7. Qc1 Re8 8. Bh6
Bh8 9. c4 dxc4 10. Qxc4 c6 11. Qc1 Bf5 12. Nc3 Na6 13. Rd1 Nb4 14. Ne1 Rc8 15.
e4 Bg4 16. Rd2 b5 17. a3 Na6 18. h3 Be6 19. Nf3 Qb6 20. Ng5 Bc4 21. Qd1 a4 22.
Qe1 Rcd8 23. e5 Nc7 24. Qd1 Nfd5 25. Nce4 f6 26. Nf3 Ne6 27. h4 Bb3 28. Qe1 Ndc7
29. Be3 Nd5 30. Bh6 f5 31. Neg5 Ndc7 32. Nxe6 Nxe6 33. Be3 Bd5 34. Ng5 Nxg5 35.
hxg5 e6 36. Rc1 Qb7 37. Bxd5 Rxd5 38. Rdc2 c5 39. Rxc5 Rd7 40. Qf1 b4 41. Qg2
Qb8 42. axb4 Qxb4 43. Qc6 Rde7 44. Qb5 Rb8 45. Rc8+ 1-0

[Event "World Blitz Women 2022"]
[Site "Almaty KAZ"]
[Date "2022.12.30"]
[Round "15.5"]
[White "Badelka, Olga"]
[Black "Koneru, Humpy"]
[Result "0-1"]
[WhiteTitle "IM"]
[BlackTitle "GM"]
[WhiteElo "2416"]
[BlackElo "2572"]
[WhiteFideId "13509926"]
[BlackFideId "5008123"]
[EventDate "2022.12.29"]

1. e4 g6 2. d4 Bg7 3. Be3 c6 4. Nf3 d6 5. h3 Nd7 6. Be2 Ngf6 7. Nc3 Qc7 8. Qd2
b5 9. a3 O-O 10. O-O a6 11. Bf4 e5 12. dxe5 dxe5 13. Bh6 Nc5 14. Bxg7 Kxg7 15.
Qe3 Ne6 16. Rfd1 Bb7 17. Rd2 Rad8 18. Rad1 Rxd2 19. Rxd2 c5 20. Nd5 Bxd5 21.
exd5 Nd4 22. c4 Re8 23. b3 Nf5 24. d6 Nxd6 25. Rd1 bxc4 26. Bxc4 Nxc4 27. bxc4
e4 28. Ne1 Qe5 29. Rb1 Rd8 30. g3 Qd4 31. Nc2 Qxc4 32. Rc1 Rd3 33. Qe2 Rc3 34.
Qd2 e3 35. fxe3 Ne4 36. Qg2 Qd3 37. Kh2 Qd2 38. Rg1 Rxc2 39. Qxd2 Rxd2+ 0-1

[Event "World Blitz Women 2022"]
[Site "Almaty KAZ"]
[Date "2022.12.30"]
[Round "15.6"]
[White "Harika, Dronavalli"]
[Black "Dzagnidze, Nana"]
[Result "0-1"]
[WhiteTitle "GM"]
[BlackTitle "GM"]
[WhiteElo "2507"]
[BlackElo "2517"]
[WhiteFideId "5015197"]
[BlackFideId "13601903"]
[EventDate "2022.12.29"]

1. Nf3 Nf6 2. c4 c5 3. Nc3 Nc6 4. d4 cxd4 5. Nxd4 Qb6 6. Nb3 e6 7. g3 Ng4 8. e3
Nge5 9. Be2 Be7 10. O-O a5 11. c5 Qd8 12. a4 b6 13. cxb6 Qxb6 14. e4 O-O 15. Nb5
d6 16. Be3 Qb7 17. f4 Nd7 18. Bf3 Qb8 19. Rc1 Bb7 20. Qd2 Nb4 21. Nxa5 Rxa5 22.
Qxb4 Ra8 23. Rc7 Rd8 24. Rfc1 Bf8 25. b3 Nf6 26. Nd4 Bxe4 27. Qxb8 Rdxb8 28.
Bxe4 Nxe4 29. Nb5 Nc5 30. Bxc5 dxc5 31. Rd1 Rd8 32. Rxd8 Rxd8 33. a5 Ra8 34. Ra7
Rb8 35. Nc3 c4 36. b4 Bxb4 37. Ne4 Rc8 38. a6 c3 39. Nxc3 Bc5+ 0-1

[Event "World Blitz Women 2022"]
[Site "Almaty KAZ"]
[Date "2022.12.30"]
[Round "15.7"]
[White "Tania, Sachdev"]
[Black "Omonova, Umida"]
[Result "1/2-1/2"]
[WhiteTitle "IM"]
[BlackTitle "WFM"]
[WhiteElo "2389"]
[BlackElo "2052"]
[WhiteFideId "5007844"]
[BlackFideId "14210363"]
[EventDate "2022.12.29"]

1. d4 Nf6 2. c4 e5 3. dxe5 Ng4 4. Nf3 Nc6 5. Bf4 Bb4+ 6. Nc3 Qe7 7. e3 Ngxe5 8.
Nxe5 Bxc3+ 9. bxc3 Nxe5 10. Be2 O-O 11. O-O d6 12. Qd4 Ng6 13. Bg3 b6 14. Bf3
Rb8 15. h4 Ne5 16. Be2 Bb7 17. h5 h6 18. Bf4 Rbe8 19. Rfd1 Qf6 20. a4 a5 21. Bg3
Nd7 22. Qxf6 Nxf6 23. Rab1 Bc6 24. c5 bxc5 25. Bb5 Bxb5 26. Rxb5 Ra8 27. Rb7
Rfc8 28. Rdb1 Ne4 29. c4 Nc3 30. Ra1 Kf8 31. f3 Ne2+ 32. Kf2 Nxg3 33. Kxg3 Ke7
34. Rab1 Kd7 35. e4 Kc6 36. Kf4 Rg8 37. g4 Rge8 38. R1b2 g6 39. hxg6 fxg6 40.
R7b5 Rf8+ 41. Kg3 Rf7 42. Rh2 Rh7 43. Kf4 Rf8+ 44. Ke3 Rhf7 45. Rf2 Ra8 46. Rh2
Rh7 47. Kf4 g5+ 48. Ke3 Kd7 49. Rh3 Ke6 50. Rh2 Kd7 51. Rh3 Kc6 52. Rh2 Kd7 53.
Rh3 Ke6 54. Rh2 Ke5 55. Rb7 Rf8 56. Rb5 Rhf7 57. Rh3 Ra8 58. Rxh6 Raf8 59. Rh3
Ra8 60. Rh5 Kf6 61. Rb7 Kg6 62. Rh3 Kf6 63. Rh6+ Kg7 64. Rh5 Kg6 65. Rh3 Kf6 66.
Rh6+ Kg7 67. Rh5 Kg6 68. Rh3 Kf6 69. Rh6+ Ke5 70. Rf6 Kxf6 1/2-1/2

[Event "World Blitz Women 2022"]
[Site "Almaty KAZ"]
[Date "2022.12.30"]
[Round "15.8"]
[White "Girya, Olga"]
[Black "Goryachkina, Aleksandra"]
[Result "0-1"]
[WhiteTitle "GM"]
[BlackTitle "GM"]
[WhiteElo "2398"]
[BlackElo "2584"]
[WhiteFideId "4195752"]
[BlackFideId "4147103"]
[EventDate "2022.12.29"]

1. d4 Nf6 2. Nf3 d5 3. c4 e6 4. Nc3 c6 5. Bg5 Nbd7 6. cxd5 exd5 7. Qc2 Be7 8. e3
Nh5 9. h4 h6 10. Bxe7 Qxe7 11. O-O-O Nb6 12. Bd3 Be6 13. Kb1 Nf6 14. Ne5 Nfd7
15. f4 Nxe5 16. fxe5 O-O-O 17. Ne2 Kb8 18. Nf4 Bg4 19. Rde1 g5 20. hxg5 hxg5 21.
Ne2 f6 22. exf6 Qxf6 23. Ng3 Rxh1 24. Rxh1 Re8 25. Rf1 Qe6 26. Re1 Qd6 27. Nf5
Bxf5 28. Bxf5 Nc4 29. e4 Qb4 30. Qc3 Qxc3 31. bxc3 dxe4 32. Kc2 Nd6 33. Bg4 b6
34. Rf1 Nc4 35. Re1 Kc7 36. g3 c5 37. Be2 Nd6 38. dxc5 bxc5 39. Rh1 Nf5 40. Rh7+
Re7 41. g4 Rxh7 0-1

[Event "World Blitz Women 2022"]
[Site "Almaty KAZ"]
[Date "2022.12.30"]
[Round "15.9"]
[White "Abdumalik, Zhansaya"]
[Black "Buksa, Nataliya"]
[Result "1-0"]
[WhiteTitle "GM"]
[BlackTitle "IM"]
[WhiteElo "2496"]
[BlackElo "2405"]
[WhiteFideId "13703544"]
[BlackFideId "14123622"]
[EventDate "2022.12.29"]

1. e4 c5 2. Nc3 Nc6 3. Nge2 e5 4. Ng3 d6 5. Bc4 Be6 6. d3 g6 7. O-O Bg7 8. Nd5
a6 9. a4 h6 10. Bd2 Nge7 11. c3 O-O 12. Kh1 Kh7 13. f4 exf4 14. Bxf4 Bxd5 15.
exd5 Ne5 16. Bb3 f5 17. a5 g5 18. Bc1 Qe8 19. c4 Kh8 1-0